La encarnación del Verbo
Wedi'i Gadw mewn:
| Prif Awdur: | |
|---|---|
| Fformat: | Llyfr |
| Iaith: | Sbaeneg |
| Cyhoeddwyd: |
Madrid
Ciudad nueva
1997
|
| Rhifyn: | 2a. ed |
| Cyfres: | Biblioteca de Patrística, 6
|
| Pynciau: | |
| Tagiau: |
Ychwanegu Tag
Dim Tagiau, Byddwch y cyntaf i dagio'r cofnod hwn!
|
MARC
| LEADER | 00000nam a2200000 a 4500 | ||
|---|---|---|---|
| 001 | UCO8731 | ||
| 003 | CL-VaPUC | ||
| 008 | 001221e19970000SP |||||||||||||||||spa|d | ||
| 082 | 0 | 4 | |a 281 |b ATA |2 21 |
| 100 | 0 | |a Atanasio |e author |9 453575 | |
| 245 | 1 | 3 | |a La encarnación del Verbo |
| 250 | |a 2a. ed | ||
| 300 | |a 156 p | ||
| 942 | |c BK | ||
| 945 | |d 20001221 00:00:00 |a vberengu | ||
| 260 | |a Madrid |b Ciudad nueva |c 1997 | ||
| 650 | 0 | |a Patrística |9 322007 | |
| 650 | 0 | |a Padres de la Iglesia |9 313352 | |
| 650 | 0 | |a Revelación |9 313616 | |
| 650 | 7 | |a ENCARNACION |2 CL-VaPUC |9 346469 | |
| 583 | |a last modification |c 20001221 00:00:00 |k Rodrigo Vera | ||
| 490 | 0 | |a Biblioteca de Patrística, 6 | |
| 999 | |c 293200 |d 293198 | ||
| 952 | |0 0 |1 0 |4 0 |6 281_000000000000000_ATA_1997 |7 0 |8 A |9 344540 |a BIBTEO |b BIBTEO |d 2019-11-20 |i 367827K |l 1 |o 281 ATA 1997 |p 367827K |r 2025-01-17 |s 2024-10-08 |w 2019-11-20 |y BK |k ICR | ||